Río Orotoy : (Registro nro. 8085)
[ vista simple ]
| 000 -CABECERA | |
|---|---|
| Campo de control | 00617nmm a22002177a 4500 |
| 005 - FECHA Y HORA DE LA ULTIMA TRANSACCION | |
| Campo de control | 20150123115100.0 |
| 008 - ELEMENTOS DE LONGITUD FIJA—INFORMACION GENERAL | |
| Campo de control | 131218b ck ||||| |||| 00| 0 spa d |
| 020 ## - ISBN | |
| ISBN | 9789588594668 |
| 040 ## - FUENTE DE CATALOGACIÓN | |
| Agencia catalogadora original | CO-BoIAVH |
| Agencia transcriptora | CO-BoIAVH |
| 041 ## - IDIOMA | |
| Código de idioma para texto/pista de sonido o título separado | Español |
| 044 ## - PAÍS DE PUBLICACIÓN | |
| País de publicación | Colombia |
| 090 ## - CLASIFICACIÓN LOCAL | |
| Colección | LB |
| Consecutivo | 05882 |
| 110 ## - ASIENTO PRINCIPAL--NOMBRE CORPORATIVO | |
| Nombre corporativo o de jurisdicción como elemento de entrada | Ecopetrol |
| 245 ## - MENCION DE TITULO | |
| Título | Río Orotoy : |
| Parte restante del título | colección nuestro río |
| 260 ## - PUBLICACION, DISTRIBUCION, ETC. (PIE DE IMPRENTA) | |
| Lugar de publicación, distribución, etc. | s.l. |
| Nombre del editor, distribuidor, etc. | Universidad de los Andes |
| -- | Ecopetrol |
| Fecha de publicación, distribución, etc. | s.f. |
| 300 ## - DESCRIPCION FISICA | |
| Extensión | 33 p., |
| Otros detalles físicos | il., (col), imagenes |
| Dimensiones | 13 cm |
| 504 ## - NOTA DE BIBLIOGRAFIA, ETC. | |
| Nota de bibliografía | Incluye bibliografía |
| 505 ## - NOTA DE CONTENIDO | |
| Nota de contenido | Incluye contenido |
| 710 ## - ASIENTO SECUNDARIO - NOMBRE CORPORATIVO | |
| Nombre corporativo o de jurisdicción como elemento de entrada | Universidad de los Llanos |
| 942 ## - ELEMENTOS ADICIONALES (KOHA) | |
| Sistema de clasificación | Local |
| Tipo de ítem | CD-ROM |
| Withdrawn status | Lost status | Sistema de Clasificación | Damaged status | No para préstamo | Colección | Ubicación Permanente | Ubicación actual | Fecha de adquisición | Total Checkouts | Número topográfico | Inventario / Código de Barras | Date last seen | Ejemplar | Price effective from | Forma de adquisición | Tipo de material |
|---|---|---|---|---|---|---|---|---|---|---|---|---|---|---|---|---|
| Local | Audiovisual | Bogotá | Bogotá | 18/12/2013 | LB-05882 | 058605 | 18/12/2013 | Ej. 1 | 18/12/2013 | CD-ROM | ||||||
| Local | Audiovisual | Bogotá | Bogotá | 18/12/2013 | LB-05882 | 059096 | 18/12/2013 | Ej. 2 | 18/12/2013 | CD-ROM | ||||||
| Dewey Decimal Classification | Audiovisual | Bogotá | Bogotá | 23/01/2015 | LB-05882 | 038558 | 23/01/2015 | Ej. 3 | 23/01/2015 | CD-ROM |